Swami Vivekananda's addresses (Record no. 891705)

MARC details
000 -LEADER
fixed length control field 00794nam a2200289 a 4500
001 - CONTROL NUMBER
control field vtls001440077
003 - CONTROL NUMBER IDENTIFIER
control field NLI
005 - DATE AND TIME OF LATEST TRANSACTION
control field 20210627122016.0
008 - FIXED-LENGTH DATA ELEMENTS--GENERAL INFORMATION
fixed length control field 121130s1993 ii 000 0 eng
020 ## - INTERNATIONAL STANDARD BOOK NUMBER
Terms of availability Rs. 2.00 (pbk.)
039 #9 - LEVEL OF BIBLIOGRAPHIC CONTROL AND CODING DETAIL [OBSOLETE]
-- 201211301652
-- VLOAD
040 ## - CATALOGING SOURCE
Original cataloging agency NLI
Language of cataloging eng
Transcribing agency Datasoft_GENG
Description conventions AACR2
041 0# - LANGUAGE CODE
Language code of text/sound track or separate title eng
044 ## - COUNTRY OF PUBLISHING/PRODUCING ENTITY CODE
MARC country code ii
082 04 - DEWEY DECIMAL CLASSIFICATION NUMBER
Classification number 294.556
245 00 - TITLE STATEMENT
Title Swami Vivekananda's addresses
260 ## - PUBLICATION, DISTRIBUTION, ETC.
Place of publication, distribution, etc. Calcutta :
Name of publisher, distributor, etc. Advaita Ashram,
Date of publication, distribution, etc. 1993
300 ## - PHYSICAL DESCRIPTION
Extent 55 p. ;
Dimensions 16 cm.
600 00 - SUBJECT ADDED ENTRY--PERSONAL NAME
Personal name Vivekananda,
Titles and other words associated with a name Swami,
Dates associated with a name 1863-1902
9 (RLIN) 686733
650 #0 - SUBJECT ADDED ENTRY--TOPICAL TERM
Topical term or geographic name entry element Religious leaders
Geographic subdivision India
9 (RLIN) 743386
887 ## - NON-MARC INFORMATION FIELD
Content of non-MARC field
901 ## - LOCAL DATA ELEMENT A, LDA (RLIN)
a DB65819
b 19.08.1994
902 ## - LOCAL DATA ELEMENT B, LDB (RLIN)
a E 294.556 V 836 vi
904 ## - LOCAL DATA ELEMENT D, LDD (RLIN)
l 3193
949 ## - LOCAL PROCESSING INFORMATION (OCLC)
-- VIRTUAITEM
-- 10000
-- 100
6 DBA000065819ENG
942 ## - ADDED ENTRY ELEMENTS (KOHA)
Source of classification or shelving scheme Dewey Decimal Classification
Koha item type Books
Holdings
Withdrawn status Lost status Damaged status Not for loan Collection code Home library Current library Shelving location Date acquired Total Checkouts Full call number Barcode Date last seen Price effective from Koha item type
        New English National Library of India National Library of India New English - Main Stack Division     E 294.556 V 836 vi DBA000065819ENG 27/06/2021 27/06/2021 Books
                                                                           
web counter

Copyright ©2020 The National Library of India, Govt. of India ↔ Hosted by NVLI, MOC ↔ Technology and Design by National Library of India, Ministry of Culture, Govt. of India